| 000 | 01545cam a22001934a 4500 | ||
|---|---|---|---|
| 005 | 20250605163945.0 | ||
| 008 | 250528s ||||||||||||||||||||||||d | ||
| 035 | _a15173 | ||
| 040 |
_aGR-AtMCL _bgre _dGR-AtMCL _eAACR2 |
||
| 245 | 1 | _aΑνταγωνιστικότητα των Επιχειρήσεων / Παραγωγικότητα - Ποιότητα - Ευελιξία: Dimensions of Competitiveness | |
| 260 |
_bΑθήνα, _c1990 |
||
| 300 | _a256 | ||
| 505 | 0 | _aΕισαγωγή, Ανταγωνιστικές Στρατηγικές, Ποιότητα, Παραγωγικότητα, Μέτρηση της Παραγωγικότητας με Ειδικούς Δείκτες, Μέτρηση της Μερικής Παραγωγικότητας, Αύξηση της Παραγωγικότητας, Αξιοποίηση Ανθρώπινου Δυναμικού, Νέες Τεχνολογίες, Βιβλιογραφικές Αναφορές. | |
| 520 | _aΕισαγωγή, Ανταγωνιστικές Στρατηγικές, Ποιότητα, Παραγωγικότητα, Μέτρηση της Παραγωγικότητας με Ειδικούς Δείκτες, Μέτρηση της Μερικής Παραγωγικότητας, Αύξηση της Παραγωγικότητας, Αξιοποίηση Ανθρώπινου Δυναμικού, Νέες Τεχνολογίες, Βιβλιογραφικές Αναφορές. | ||
| 700 | 1 |
_aΔερβιτσιώτης Κώστας Ν _91035 |
|
| 942 | _cBK | ||
| 999 |
_c767 _d767 |
||